000 00995nam a22003017a 4500
001 BR0400946
003 BR-BrBNA
005 20230928101516.0
007 ta
008 230509b bl.||||| |||| 00| 0 por d
040 _aBR-BrBNA
_bpor
_cBiblioteca Nacional de Agricultura
041 _a(Por)
072 _aF40; F61
_b3290
090 _ 3290 BR0400946
100 1 _aCastro, E.M. de
110 1 _aUniversidade Federal de Lavras, MG (Brasil)
_0Tese (Doutorado)
245 1 _aAlterações anatômicas, fisiológicas e fitoquímicas em Mikania glomerata Sprengel. (Guaco)sob diferentes fotoperíodos e níveis de sombreamento
260 3 _aLavras, MG (Brasil):
_c2002.
300 _a221 p.
500 _aSummaries (Eng, Por); Several bibliography; 58 illus.; 69 tables
650 _aÁRVORE FLORESTAL
650 _aANATOMIA VEGETAL
650 _aFOTOPERIODISMO
650 _aSOMBREAMENTO
650 _aCOMPOSIÇÃO QUÍMICA
909 _a202309
_bLucia
_c55
_dLucia Elande
942 _cBK
999 _c66174
_d66174